000 00633nam a2200277Ia 4500
005 20260324143303.0
008 008 260324s9999 xx 000 0 eng d
020 _a9780203046302
037 _aEBOOK
040 _aCRL
040 _beng
040 _cCRL
041 _2eng
041 _aeng
084 _qCRL
100 _aAndrew Sparkes
_91215091
245 0 _aResearch In Physical Educ.& Sp
260 _bTaylor and Francis
260 _c1992
365 _a
365 _b230
856 _uhttp://www.taylorfrancis.com/books/9780203046302
942 _cEBOOK
999 _c1820282
_d1820282